مكتبة جامعة عجلون الوطنية

فهرس بحث المكتبة

Normal view MARC view
  • Cashin,James A / Polimeni, Ralph S

Entry Personal Name

Number of records used in: 1

001 - CONTROL NUMBER

  • control field: 3207

003 - CONTROL NUMBER IDENTIFIER

  • control field: JO-AjAnu

005 - DATE AND TIME OF LATEST TRANSACTION

  • control field: 20230606070828.0

008 - FIXED-LENGTH DATA ELEMENTS

  • fixed length control field: 230606|| aca||aabn | a|a d

040 ## - CATALOGING SOURCE

  • Original cataloging agency: JO-AjAnu
  • Transcribing agency: JO-AjAnu

100 ## - HEADING--PERSONAL NAME

  • Personal name: Cashin,James A / Polimeni, Ralph S

670 ## - SOURCE DATA FOUND

  • Source citation: Work cat.: (JO-AjAnu)1679: Cashin,James A / Polimeni, Ralph S, author, Schaum's Outline of Theory and Problems of Cost Accounting Vol.11